| 000 | 01474cam a2200265 4500 | ||
|---|---|---|---|
| 001 | 7490 | ||
| 005 | 20181127183729.0 | ||
| 008 | 060912s2007 enka b 001 0 eng | ||
| 010 | _a 2006049284 | ||
| 020 | _a033397137X (paper) | ||
| 020 | _a9780333971376 (paper) | ||
| 082 | 0 | 0 |
_a333.7 _222 |
| 100 | 1 | _aHanley, Nick. | |
| 245 | 1 | 0 |
_aEnvironmental economics : _bin theory and practice / _cNick Hanley, Jason F. Shogren and Ben White. |
| 250 | _a2nd ed. | ||
| 260 |
_aBasingstoke [England] ; _aNew York : _bPalgrave Macmillan, _c2007. |
||
| 300 |
_axvi, 459 p. : _bill. ; _c24 cm. |
||
| 504 | _aIncludes bibliographical references and indexes. | ||
| 505 |
_aEconomy Environment Interactions.- Sustainable Development.- Market Failure.- Incentive Design.- Emission Taxes and Tradable Emission Permits: Theory into Practice.- Transboundary and Global Pollution.- Nonrenewable Resources: Market Structure and Policy.- Nonrenewable Resource Scarcity, Costs, and Externalities.- Biological Natural Resources: the Fishery.- Forestry Economics.- Theory and Methods for Environmental Valuation.- Environmental Risk.- Trade and the Environment. _g _r _t |
||
| 520 | _aEnvironmental Economics in Theory and Practice is an ideal text for students taking advanced courses in environmental and natural resource economics. | ||
| 650 | 0 | _aEnvironmental economics. | |
| 700 | 1 | _aShogren, Jason F. | |
| 700 | 1 |
_aWhite, Ben _q(Benedict) |
|
| 999 |
_c6403 _d6403 |
||